01499nam a22002777a 45000010005000000030006000050050017000110080041000280200018000690400029000870500013001160820008001291000019001372450087001562500045002432600063002883000043003514900023003945050008004175200670004255210030010955210020011256500025011456500026011706500025011965225FISKH20241120110658.0241120b cb ||||| |||| 00| 0 eng d a9781621450092 aFISKHbengcFISKHdFISKH aQ172.E77 a500 aDonald, Graeme aScience :bAll the Facts that Turned out to be Science Fiction /cby Graeme Donald aFirst published in Great Britain in 2011 aNew York : bThe Reader's Digest Association, Inc ;c2013. a190 pages : billustrations ;c21 cm . aThey got in wrong  aZ  a"The fascinating stories behind 50 scientific theories that were once regarded as facts but history proved were pure fictions.This is an innovative way into some truly zany bits of science and history that will surely fascinate readers. They Got It Wrong: Science tells the story behind 50 scientific theories that were once widely believed to be true, but history has since proved to be wrong, and the consequences it brought on at the time. Contents include: When the Earth was Flat, Tobacco can cure a variety of Health Problems, All Base metals can be turned into gold, how the physical measurements of the skull correlate to a person's personality, and more"--8 a1080 bLexile estimate 8 aZ bRaz-Plus  asciencevnon-fiction a medicalvnon-fiction ahistoryvnon-fiction